| 000 | 00342nam a22001217a 4500 | ||
|---|---|---|---|
| 020 | _a9780199593583 | ||
| 082 |
_222 _a658.5 |
||
| 100 | _aJones, Peter and Robinson, Peter. | ||
| 245 | _aOperations management / | ||
| 260 |
_aUnited Kingdom, _bOxford Universities Press, _cc2012. |
||
| 300 |
_axxix, 463 p. ; _bill. ; _c26.5 cm. |
||
| 942 |
_2ddc _cMAG |
||
| 999 |
_c4293 _d4293 |
||